000 00413nam a22001697a 4500
003 MPLRDC
005 20220104114722.0
008 210129b ||||| |||| 00| 0 eng d
082 _a177 LZZ c.2
100 _a李中钟编著
245 _a错误的心理学
_c
260 _a
_b雷鼓出版社
_c1991
300 _b
490 _a应用心理学大系
650 _a应用心理学
942 _cBK
_o177 LZZ c.2
999 _c9681
_d9671